| 000 | 00872nas a2200289 4500 | ||
|---|---|---|---|
| 001 | BR2015005573 | ||
| 003 | BR-BrBNA | ||
| 005 | 20231205125804.0 | ||
| 007 | ta | ||
| 008 | 230509b bl.|||p| |||| 00| 00por d | ||
| 040 |
_aBR-BrBNA _bpor _cBiblioteca Nacional de Agricultura |
||
| 041 | _a(En) | ||
| 072 | _aQ52 | ||
| 100 | 1 | _aDaga, A. | |
| 100 | 1 | _aHorn, M.B. | |
| 100 | 1 | _aKottwitz, L.B.M. | |
| 100 | 1 | _aFariña, L.O. de | |
| 245 | 1 | _aBromatological and mycotoxin analysis on soybean meal before and after the industrial process of micronization | |
| 650 | _aSOJA | ||
| 650 | _aFARELO | ||
| 650 | _aALIMENTO ANIMAL | ||
| 650 | _aMICOTOXINA | ||
| 650 | _aTECNOLOGIA DE ALIMENTO | ||
| 773 | 0 |
_tCiência Rural (Brazil) _xISSN 0103-8478 _g(Jul 2015), v. 45(7) p. 1336-1341 _wBR2015005573 |
|
| 909 |
_a202311 _bLúcia _c55 _dLúcia Elande |
||
| 942 |
_2AGRIS _n0 _cANA |
||
| 999 |
_c246146 _d246146 |
||